000 00316nam a22001337a 4500
020 _a978-1-407106-78-6
082 _a823
_bGAN/M
100 _aGANERI, ANITA
245 _aMONSTER LAKES
260 _aLONDON
_bTHE DAILY TELEGRAPH
_c2005
300 _a127
650 _aCHILDRENS STORY BOOK
_zUNITED KINGDOM
942 _cBK
999 _c4610
_d4610